| 000 | 00553nam a2200205Ia 4500 | ||
|---|---|---|---|
| 003 | IN-BaIIA | ||
| 008 | 211028s9999 xx 000 0 eng d | ||
| 020 | _a1-56396-231-4 | ||
| 040 | _cIIA Library | ||
| 080 |
_a524.77(063) _bRUB |
||
| 100 |
_aRubin, Vera _926696 |
||
| 245 | 0 |
_aBright galaxies dark matters _cVera Rubin |
|
| 260 |
_aNew York _bSpringer-Verlag _c1996 |
||
| 300 | _axvi, 236p. | ||
| 490 | _aMasters of modern physics | ||
| 650 |
_aAstronomical Life _926697 |
||
| 650 |
_aGalaxies _91286 |
||
| 650 |
_aTelescopes _91997 |
||
| 942 | _cBK | ||
| 999 |
_c14823 _d14823 |
||